000 00578cam a2200181u 4500
999 _c233324
_d233324
001 10239956
003 Nust
005 20170306194224.0
008 830523s1915 enk 000 0 eng
010 _a 50048142
020 _a9780141441382
040 _aDLC
_cCarP
_dDLC
050 0 0 _aPR6023.A93
_bR3 1915 (Rare Bk. Coll.)
082 _a823.912
_bLAW
100 1 _aLawrence, D. H.
_q(David Herbert),
_d1885-1930.
245 1 4 _aThe rainbow.
_c Lawrence, D. H
260 _aLondon,
_bMethuen
_c1915
300 _avii, 491 p.
_c20 cm.
650 _aFamilies
_xFiction
906 _a0
_bcbc
_cpremunv
_du
_encip
_f19
_gy-gencatlg
942 _2ddc
_cBK